000 00215 a2200097 4500
001 7899
100 _aAhmad, G
245 _aPakistan meets Indian challenge
260 _a
_bAl-Mukhtar (Pak)
_c
090 _c6342
_d6342
942 _aNUST-CAE
_cM
_c32870
999 _c242972
_d242972